Statistics for Angel: Episodes of the TV Series

Click here to take the quiz!

General Stats

  • This quiz has been taken 31 times
  • The average score is 78 of 110

Answer Stats

GroupEpisodeEpisode Title% Correct
Series 11City Of
95%
Series 515A Hole in the World
86%
Series 47Apocalypse, Nowish
86%
Series 418Shiny Happy People
86%
Series 514Smile Time
86%
Series 46Spin the Bottle
86%
Series 27Darla
81%
Series 118Five By Five
81%
Series 59Harms Way
81%
Series 18I Will Remember You
81%
Series 522Not Fade Away
81%
Series 119Sanctuary
81%
Series 44Slouching Toward Bethlehem
81%
Series 313Waiting in the Wings
81%
Series 513Why We Fight
81%
Series 512You're Welcome
81%
Series 22Are You Now, Or Have You Ever Been
76%
Series 311Birthday
76%
Series 212Blood Money
76%
Series 310Dad
76%
Series 41Deep Down
76%
Series 217Disharmony
76%
Series 216Epiphany
76%
Series 35Fredless
76%
Series 19Hero
76%
Series 422Home
76%
Series 417Inside Out
76%
Series 13In the Dark
76%
Series 39Lullaby
76%
Series 415Orpheus
76%
Series 220Over the Rainbow
76%
Series 521Power Play
76%
Series 15Rm W/A Vu
76%
Series 113She
76%
Series 33That Old Gang of Mine
76%
Series 56The Cautionary Tale of Numero Cinco
76%
Series 520The Girl in Question
76%
Series 43The House ALways Wins
76%
Series 419The Magic Bullet
76%
Series 222There's No Place Like PLRTZ GLRB
76%
Series 122To Shanshu in L.A.
76%
Series 36Billy
71%
Series 412Calvary
71%
Series 314Couplet
71%
Series 112Expecting
71%
Series 42Ground State
71%
Series 26Guise Will Be Guise
71%
Series 48Habeas Corpses
71%
Series 14I Fall to Pieces
71%
Series 21Judgement
71%
Series 55Life of the Party
71%
Series 12Lonely Heart
71%
Series 49Long Day's Journey
71%
Series 110Parting Gifts
71%
Series 416Players
71%
Series 413Salvage
71%
Series 16Sense & Sensitivity
71%
Series 516Shells
71%
Series 111Somnambulist
71%
Series 411Soulless
71%
Series 45Supersymmetry
71%
Series 32That Vision Thing
71%
Series 17The Bachelor Party
71%
Series 115The Prodigal
71%
Series 116The Ring
71%
Series 29The Trial
71%
Series 221Through the Looking Glass
71%
Series 120War Zone
71%
Series 320A New World
67%
Series 321Benediction
67%
Series 121Blind Date
67%
Series 51Conviction
67%
Series 511Damage
67%
Series 218Dead End
67%
Series 25Dear Boy
67%
Series 58Destiny
67%
Series 318Double or Nothing
67%
Series 23First Impressions
67%
Series 317Forgiving
67%
Series 31Heartthrob
67%
Series 54Hell Bound
67%
Series 114I've Got You Under My Skin
67%
Series 518Origin
67%
Series 312Provider
67%
Series 38Quickening
67%
Series 210Reunion
67%
Series 420Sacrifice
67%
Series 214The Thin Dead Line
67%
Series 322Tomorrow
67%
Series 34Carpe Noctum
62%
Series 117Eternity
62%
Series 213Happy Anniversary
62%
Series 52Just Rewards
62%
Series 57Lineage
62%
Series 315Loyalty
62%
Series 421Peace Out
62%
Series 211Redefinition
62%
Series 215Reprise
62%
Series 316Sleep Tight
62%
Series 510Soul Purpose
62%
Series 519Time Bomb
62%
Series 410Awakening
57%
Series 219Belonging
57%
Series 517Underneath
57%
Series 53Unleashed
57%
Series 24Untouched
57%
Series 414Release
52%
Series 319The Price
52%
Series 37Offspring
48%
Series 28The Shroud of Bahmon
43%

Score Distribution

Percentile by Number Answered

Percent of People with Each Score

Your Score History

You have not taken this quiz